|
|
|
|
| LEADER |
00000cam a2200000 7i4500 |
| 001 |
0000002197 |
| 005 |
20030322.0 |
| 020 |
0 |
0 |
|a 1853838020
|
| 090 |
0 |
0 |
|a 333.95160943
|b GER 2001
|
| 100 |
1 |
0 |
|a GERMAN Advisory Council on Global Change
|
| 245 |
1 |
0 |
|a World in transition :
|b conservation and sustainable use of the biosphere
|c German Advisory Council on Global Change
|
| 260 |
0 |
0 |
|a London :
|b Earthscan Pub. ,
|c 2001
|
| 300 |
|
|
|a xxvi, 451 p. :
|b col. ill., col. maps ;
|c 28 cm.
|
| 500 |
0 |
0 |
|a Bibliography : (p. 397-428)
|
| 650 |
0 |
0 |
|a Biological diversity conservation
|x Government policy
|z Germany
|
| 650 |
0 |
0 |
|a Nature conservation
|x Government policy
|z Germany
|
| 650 |
0 |
0 |
|a Sustainable development
|x Government policy
|z Germany
|
| 998 |
|
|
|a JPSM
|
| 999 |
|
|
|a 0000003717
|b Monograph
|c Open Shelf
|e Default branch
|